000
00246nam a2200109Ia 4500
008
230822s2007 xx 000 0 und d
041
_a
eng
100
_a
BONO E.DE
245
_a
SIX THINKING HATS
260
_b
PENGUIN BOOKS
_c
2007
300
_a
177
999
_c
857936
_d
857936